000 004150000a22001690004500
003 MACL
005 20160105150937.0
008 160105b xxu||||| |||| 00| 0 eng d
040 _aMACL
_cMACL
041 _aEnglish
082 _a822/CHA
100 _aCharls
_923600
245 _aTales from Shakespeare
260 _bRai Sahib M Gulab Singh & Sons
_aLondon
650 _aDrama
_928119
942 _cBK
_k822/CHA
_2ddc
999 _c38175
_d38175